Formación cívica y ética : antología.

Gardado en:
Detalles Bibliográficos
Autor Principal: Luna Elizarrarás, María Eugenia coord, (autor)
Formato: Libro
Idioma:Lingua castelá
Temas:
Etiquetas: Engadir etiqueta
Sen Etiquetas, Sexa o primeiro en etiquetar este rexistro!

MARC

LEADER 00000nam^a2200000^u^4500
001 000501703
005 20250521000000.0
008 080326s1000^^^^^^^^^^^^r^^^^^000^0^spa^d
009 20260310125811.127
022 |a 9789689076704 
035 |a FCE 000045883 
037 |a Acervo ITESO - Biblioteca 
041 |a spa 
082 0 4 |a 373.0115  |b LUNfa 
100 |a Luna Elizarrarás, María Eugenia,  |e coord  |e (autor) 
245 1 0 |a Formación cívica y ética :  |b antología. 
264 |a México :  |b SEP,  |c 2007. 
300 |a 130 p. 
336 |a texto  |b txt  |2 rdacontenido 
337 |a sin mediación  |b n  |2 rdamedio 
338 |a volumen  |b nc  |2 rdasoporte 
596 |a Primer Taller de Actualización sobre los Programas de Estudio 2006. 
596 |a Reforma de la educación secundaria. 
649 |a XX 
650 |a Educación cívica 
650 |a Educación moral 
650 |a Moral 
650 |a Guía del docente 
650 |a Ética 
650 |a Educación secundaria 
650 |a México 
910 |a Fondo Centro de Estudios Educativos 
920 |a Impresos - Libros 
930 |a Fondos Especiales 
905 |a 133 
901 |a ALE052667  |b IT2  |c CEE  |u 20250521 
902 |a https://opac.biblio.iteso.mx/vufind/Record/000501703